000 03232cam a22006854i 4500
003 PE-LiUPU
005 20250731180059.0
008 150616s r 000 0 d
020 _a9789591325099
_q(volumen 3)
020 _a9591325096
_q(volumen 3)
020 _a9789591325082
_q(volumen 2)
020 _a9591325088
_q(volumen 2)
020 _a9789591323576
_q(volumen 1)
020 _a9591323573
_q(volumen 1)
035 _a(Sirsi) a162565
040 _aPE-LiUPU
_bspa
_cPE-LiUPU
_erda
049 _aPRUA
082 0 4 _a574.1
_bM43
_220
100 1 _aMercedes Leyva, Lugo,
_eautor.
245 1 0 _aManual de alimentación sana /
_cLugo Mercedes Leyva [y otros cinco].
264 1 _aCuba, la Habana :
_bPueblo y educación,
_c2012.
300 _a3 volúmenes ;
_c21 centímetros.
336 _atext
_2rdacontent
337 _aunmediated
_2rdamedia
338 _avolume
_2rdacarrier
504 _abibliografía : página 70 (volumen 1).
504 _abibliografía : página 121 (volumen 2).
504 _abibliografía : página 141 (volumen 3).
505 0 _gvolumen 1.
_tFundamentos técnico-Metodológico -- Procedimientos y normas higiénicas sanitarias para la organización y desarrollo de la alimentación.
505 0 _gvolumen 2.
_tNormativas para la plnificación de la dieta y la elaboración de los alimentos de los niños de 0 a 6 años -- Informaciones de uso general -- Orientaciones generales -- Cartas técnicas -- Tabla de rendimiento de los alimentos.
505 0 _gvolumen 3.
_tNormativas para la plnificación de la dieta y la elaboración de los alimentos de los niños de 0 a 6 años -- Cartas técnicas -- Ejemplos de menúes para niños de 1 a 6 años -- Porcionadores que se deben utilizar.
526 _aSEG44
526 _aSEG26
526 _aP159
526 _aP155
526 _aP154
526 _aP153
526 _aP150
526 _aP100
526 _aP31
526 _aP30
526 _aP26
526 _aP25
526 _aP24
526 _aP22
526 _aP15
526 _aP10
541 _g0001-000639;
650 0 4 _aNutrición
_zCuba.
650 0 4 _aAlimentos
_91965
942 _2ddc
_cBOOK
949 _a574.1M43 1
_wDEWEY
_c1
_i74107
_lCATALOGING
_mBUL
_p10.55
_r0
_sY
_tBOOK
_u2016-07-26
_xSALUD
_PP31
_0COMPRA
_o.STAFF. Colección General
949 _a574.1M43 2
_wDEWEY
_c2
_i74108
_lCATALOGING
_mBUL
_p10.55
_r0
_sY
_tBOOK
_u2016-07-26
_xSALUD
_PP31
_0COMPRA
_o.STAFF. Colección General
949 _a574.1M43 3
_wDEWEY
_c3
_i74109
_lCATALOGING
_mBUL
_p10.55
_r0
_sY
_tBOOK
_u2016-07-26
_xSALUD
_PP31
_0COMPRA
_o.STAFF. Colección General
994 _aC0
_bPEPRU
596 _a1
999 _a574.1 M2
_wDEWEY
_c11524
_i74107
_f2021-11-5
_g5
_lCCODEBUL1
_mBUL
_p10.55
_r0
_sY
_tBOOK
_u2016-7-26
_xBIBLIOTECA
_PP31
_0COMPRA
_o.STAFF. Colección General
_d11524
999 _a574.1 M2
_wDEWEY
_c2
_i74108
_f2021-11-5
_g5
_lCCODEBUL1
_mBUL
_p10.55
_r0
_sY
_tBOOK
_u2016-7-26
_xBIBLIOTECA
_PP31
_0COMPRA
_o.STAFF. Colección General
999 _a574.1 M2
_wDEWEY
_c3
_i74109
_f2021-11-5
_g5
_lCCODEBUL1
_mBUL
_p10.55
_r0
_sY
_tBOOK
_u2016-7-26
_xBIBLIOTECA
_PP31
_0COMPRA
_o.STAFF. Colección General
980 _81
_gALBERTO SANCHEZ Responsable de Automatización